Sustainable built environment a ponorama (Record no. 8159)
[ view plain ]
| 000 -LEADER | |
|---|---|
| fixed length control field | 00320nam a22001337a 4500 |
| 003 - CONTROL NUMBER IDENTIFIER | |
| control field | OSt |
| 005 - DATE AND TIME OF LATEST TRANSACTION | |
| control field | 20200806130506.0 |
| 008 - FIXED-LENGTH DATA ELEMENTS--GENERAL INFORMATION | |
| fixed length control field | 200806b ||||| |||| 00| 0 eng d |
| 082 ## - DEWEY DECIMAL CLASSIFICATION NUMBER | |
| Classification number | 720.47 |
| Item number | PAN |
| 100 ## - MAIN ENTRY--PERSONAL NAME | |
| Personal name | Pandya Yatin |
| 245 ## - TITLE STATEMENT | |
| Title | Sustainable built environment a ponorama |
| 260 ## - PUBLICATION, DISTRIBUTION, ETC. (IMPRINT) | |
| Name of publisher, distributor, etc | Foot prints earth |
| 942 ## - ADDED ENTRY ELEMENTS (KOHA) | |
| Source of classification or shelving scheme | |
| Withdrawn status | Lost status | Source of classification or shelving scheme | Damaged status | Koha normalized classification for sorting | Not for loan | Permanent location | Current location | Date acquired | Total Checkouts | Full call number | Barcode | Date last seen | Date last borrowed | Price effective from | Koha item type |
|---|---|---|---|---|---|---|---|---|---|---|---|---|---|---|---|
| 720_470000000000000_PAN | BMS College of Architecture, Design and Planning | BMS College of Architecture, Design and Planning | 2020-08-06 | 2 | 720.47 PAN | AR-UG1347 | 2021-11-23 | 2021-10-29 | 2020-08-06 | UG Books | |||||
| 720_470000000000000_PAN | BMS College of Architecture, Design and Planning | BMS College of Architecture, Design and Planning | 2020-08-06 | 1 | 720.47 PAN | AR-UG1346 | 2022-01-31 | 2022-01-04 | 2020-08-06 | UG Books |